Statistics for Prime Meridian Countries

Click here to take the quiz!

General Stats

  • This quiz has been taken 25,809 times
    (25,654 since last reset)
  • The average score is 15 of 20

Answer Stats

Distance Country % Correct
United Kingdom
98%
France
94%
Spain
94%
1.17°Morocco
88%
Algeria
84%
Mali
79%
0.12°Niger
79%
2.75°Nigeria
76%
Ghana
75%
2.58°Belgium
72%
Togo
70%
2.58°Ivory Coast
70%
3.25°Netherlands
70%
4.75°Mauritania
69%
0.83°Benin
66%
Burkina Faso
65%
1.40°Andorra
65%
4.50°Norway
63%
5.73°Luxembourg
57%
5.62°Equatorial Guinea
37%

Score Distribution

Percentile by Number Answered

Percent of People with Each Score

Your Score History

You have not taken this quiz since the last reset